Tous les arrêts de la ligne T1 (Pau) - Statistiques

Statistiques générales
  • Ce quiz a été pris 3 fois
  • Le résultat moyen est 5 sur 37
Statistiques - réponses
Réponse % Correct
Barthou-Beaumont
67%
PAU Bosquet
67%
Alliés - Alsace Lorraine
33%
Barthe
33%
Bonaparte
33%
Croix du Prince
33%
JURANÇON LP A. Campa
33%
Les Halles - Despourrins
33%
PAU Cité Multimédia
33%
PAU Gare de Pau
33%
Pesquidoux
33%
Roussille
33%
Clinique Marzet
0%
Collège E. Gabard
0%
Copernic
0%
Corisande
0%
Coubertin
0%
De La Fontaine
0%
Gaston Bonheur
0%
Guynemer
0%
Iris
0%
Joliot Curie
0%
Jules Verne
0%
Lilas
0%
LP H. Baradat
0%
Mairie de Jurançon
0%
Marcadau
0%
Mgr Campo
0%
MJC du Laü
0%
Nandina Park
0%
Parc en Ciel
0%
Pasteur Cadier
0%
Place de la Monnaie
0%
Place du Foirail
0%
Saint Jean-Baptiste
0%
Trait d'Union
0%
Trianon
0%
Aucun quiz correspondant
Distribution des résultats
% des personnes avec chaque résultat
Percentile par nombre de réponses
Votre historique - résultats
Vous n’avez pas pris ce quiz